Countries bothering me - Statistics

General Stats
  • This quiz has been taken 22 times
  • The average score is 11 of 15
Answer Stats
Hint Answer % Correct
Snob baguetteland France
95%
Scary babushkas Russia
95%
Fowk of mate uk
95%
Stupid fat eagles usa
95%
Austrian painter germany
90%
Sex with robots Japan
90%
Country of murder and drugs Mexico
90%
Good luck surviving animal attacks Australia
75%
Tons of filthy people India
75%
If you are a woman suck it Afghanistan
60%
Grape Pakistan
50%
Nothing to do Mongolia
40%
Sinking piece of trash begging for help Tuvalu
40%
Heard it in a shitty song Nicaragua
35%
Who came up with this stupid name Azerbaijan
30%
No matching quizzes found
Score Distribution
Percent of People with Each Score
Percentile by Number Answered
Your Score History
You have not taken this quiz